000 00513aam a2200217 4500
005 20240809114857.0
008 150513b xxu||||| |||| 00| 0 spa d
020 _a9788496867659
041 _aESP
082 _a813.36 M526mb
100 _aMelville, Herman
_97779
245 _aMoby Dick
260 _aItalia
260 _bSexto Piso
260 _c2010
300 _a112 páginas
650 _aNOVELA ESTADOUNIDENSE
650 _aLITERATURA ESTADOUNIDENSE
650 _aHISTORIETA
942 _cLIT
_2ddc
999 _c8034
_d8034